Called to serve lyrics - Statistics

General Stats
  • This quiz has been taken 7 times
  • The average score is 9 of 13
Answer Stats
Hint Answer % Correct
Called to serve Him, heav'nly _____ of glory King
100%
Onward, ever onward, __ __ glory in his name as we
75%
_____e'er to witness for his name Chosen
75%
___ and ____we tell the Father's story Far, wide
75%
___ our strength will be, press forward ____ God, ever
75%
_____,____ _____, as we glory in his name Onward, ever onward
75%
Far and wide his love _____ proclaim
75%
Called to know the _______ of his blessing richness
75%
Called to _____ our King serve
75%
Forward, pressing forward, as a ______ song we sing triumph
75%
Glad of heart, his holy name ______ confessing
50%
_____ unto him we bring! Praises
50%
___ and daughters, children of a King Sons
50%
No matching quizzes found
Score Distribution
Percent of People with Each Score
Percentile by Number Answered
Your Score History
You have not taken this quiz